Se acabó el recreo: la desigualdad en la educación

Uloženo v:
Podrobná bibliografie
Hlavní autor: Waissbluth, Mario (Autor)
Médium: Kniha
Jazyk:španělština
Vydáno: Santiago Random House Mondadori 2011
Vydání:4a. ed
Témata:
Tagy: Přidat tag
Žádné tagy, Buďte první, kdo vytvoří štítek k tomuto záznamu!

MARC

LEADER 00000cam a2200000 a 4500
001 UCB0140
003 CL-VaPUC
005 20230911145551.0
008 191213e20110000cl spa d
020 |a 9789568410346 
082 0 4 |a 370.115  |b WAI  |2 21 
100 1 |a Waissbluth, Mario  |e author  |9 605462 
245 1 0 |a Se acabó el recreo: la desigualdad en la educación 
250 |a 4a. ed 
260 |a Santiago  |b Random House Mondadori  |c 2011 
300 |a 197 p 
583 |a last modification  |c 20191213 11:48:00  |k cmena 
650 0 0 |a Desigualdad   |9 523161 
650 0 0 |a Política educacional  |9 308011 
650 0 0 |a Calidad de la educación   |9 307271 
942 |c BK 
945 |a dcastane  |d 20191213 11:48:00 
999 |c 342544  |d 342542 
952 |0 0  |1 0  |4 0  |6 370_115000000000000_WAI_2010  |7 0  |8 A  |9 438792  |a BIBENE  |b BIBENE  |d 2019-11-22  |i 4713699  |o 370.115 WAI 2010  |p 4713699  |r 2025-01-15  |w 2019-11-22  |y BK  |k ICO 
952 |0 0  |1 0  |2 ddc  |3 erb  |4 0  |6 370_115000000000000_WAI_2011  |7 0  |8 A  |9 495735  |a BIBEDU  |b BIBEDU  |i 5611989  |o 370.115 WAI 2011  |p 5611989  |r 2020-01-06  |w 2020-01-06  |y BK  |z Catalogado en:20191213  |k EPE